Normal view
MARC view
- Arona C.
Entry Personal Name
001 - CONTROL NUMBER
- control field: 11650
003 - CONTROL NUMBER IDENTIFIER
- control field: IT-RoPau
005 - DATE AND TIME OF LATEST TRANSACTION
- control field: 20140131152611.0
008 - FIXED-LENGTH DATA ELEMENTS
- fixed length control field: 140131|| aca||aabn | a|a d
040 ## - CATALOGING SOURCE
- Original cataloging agency: IT-RoPau
- Transcribing agency: IT-RoPau
100 ## - HEADING--PERSONAL NAME
- Personal name: Arona C.
- Miscellaneous information: Codice autore testo/musica SPICS: 14212
- Relator term: Autore testo/musica
- Name of part/section of a work: A Tripoli
670 ## - SOURCE DATA FOUND
- Source citation: Work cat.: (IT-RoPau)99860: AA.VV. 794, Antologia della canzone italiana 1911-1920